000 00387nam a2200169Ia 4500
001 1867
003 IN-NITTTR
005 20251114232921.0
008 251113s9999||||xx |||||||||||||| ||eng||
040 _beng
040 _cIN-NITTTR
041 _aeng
082 _a550 L524G
100 _aLegget, Robert F.
245 0 _aGeology and engineering. /
_cLegget, Robert F.
942 _2ddc
_cBK
999 _c2679
_d2679